000 00732nam a2200277Ia 4500
003 OSt
005 20160507151932.0
008 151016s9999 xx 000 0 und d
020 _a9.7897196174e+012
040 _cLIC
082 _aDFil 364.03/
_bP33
100 _aPeckley, Miller F.
245 _aCriminology Dictionary/
245 _cMiller F. Peckley
260 _aPhilippines
260 _bWiseman's Books Trading, Inc.
260 _cc2015
300 _a181 pages;
300 _c22 cm.
504 _aincludes bibliographical references
650 _aCrime
_vDictionaries
650 _aCrime and Criminals
_vDictionaries
650 _aCriminology
_vDictionary
_xEnglish
942 _cBK
_2ddc
942 _aDDC
_2ddc
_cDFIL
999 _c47
_d47